000 00461nam a2200157 u 4500
001 000020557
005 20200930011127.0
008 100810s2007 dr a r 000 0 spa d
040 _aDO-SdBNP
_bspa
_cBNPHU
082 _axxxxx
_bV768m
100 1 _aVincent Cepeda, Altagracia
_943279
245 1 0 _aManual integral /
_cAltagracia Vincent Cepeda.
260 _aSanto Domingo :
_bs.n.,
_c2007.
300 _a364 p. :
_bil. ;
_c23 cm.
590 _aInventariado, 2020/BT
999 _c20061
_d20061